header

IBM Lotus Domino 6.5 for Linux on zSeries implementation (Record no. 209204)

MARC details
000 -LEADER
fixed length control field 01543nam a2200397Ia 4500
245 00 - TITLE STATEMENT
Title IBM Lotus Domino 6.5 for Linux on zSeries implementation
250 ## - EDITION STATEMENT
Edition statement 2nd ed.
260 ## - PUBLICATION, DISTRIBUTION, ETC. (IMPRINT)
Place of publication Poughkeepsie, NY :
Name of publisher IBM, International Technical Support Organization,
Year of publication c2004.
300 ## - PHYSICAL DESCRIPTION
Number of Pages xvi, 408 p. :
Other physical details ill.
490 1# - SERIES STATEMENT
Series statement IBM redbooks
500 ## - GENERAL NOTE
General note "Lotus software"--Cover.
General note "SG24-7021-01."
General note "December 2004."
650 #0 - SUBJECT ADDED ENTRY--TOPICAL TERM
Topical Term Business enterprises
Topical Term Groupware (Computer software)
Topical Term Database management
700 1# - ADDED ENTRY--PERSONAL NAME
Personal name Ebbers, Mike.
856 40 - ELECTRONIC LOCATION AND ACCESS
Uniform Resource Identifier http://site.ebrary.com/lib/rucke/Doc?id=10113027

No items available.

© 2026 Rongo University
Contact us: librarian | system librarian | Rongo university